The guns of August (Record no. 62783)

000 -LEADER
fixed length control field 00685nam a22002057a 4500
003 - CONTROL NUMBER IDENTIFIER
control field NUST - PNEC
005 - DATE AND TIME OF LATEST TRANSACTION
control field 20170116180757.0
008 - FIXED-LENGTH DATA ELEMENTS--GENERAL INFORMATION
fixed length control field 150407b xxu||||| |||| 00| 0 eng d
020 ## - INTERNATIONAL STANDARD BOOK NUMBER
International Standard Book Number 9780241968215
040 ## - CATALOGING SOURCE
Transcribing agency LIBRARY
082 ## - DEWEY DECIMAL CLASSIFICATION NUMBER
Classification number 940.421 TUC
100 ## - MAIN ENTRY--PERSONAL NAME
9 (RLIN) 2166
Personal name Tuchman Barbara Wertheim
245 ## - TITLE STATEMENT
Title The guns of August
Statement of responsibility, etc. Barbara Wertheim Tuchman
260 ## - PUBLICATION, DISTRIBUTION, ETC.
Place of publication, distribution, etc. London :
Name of publisher, distributor, etc. Penguin Books,
Date of publication, distribution, etc. c2014.
300 ## - PHYSICAL DESCRIPTION
Extent 566 p. :
500 ## - GENERAL NOTE
General note Includes index.
650 ## - SUBJECT ADDED ENTRY--TOPICAL TERM
9 (RLIN) 2168
Topical term or geographic name entry element World War (1914-1918)
General subdivision General, History
856 ## - ELECTRONIC LOCATION AND ACCESS
Uniform Resource Identifier <a href="http://www.amazon.com/The-Guns-of-August/dp/0241968216/ref=sr_1_1?s=books&ie=UTF8&qid=1428394897&sr=1-1&keywords=9780241968215">http://www.amazon.com/The-Guns-of-August/dp/0241968216/ref=sr_1_1?s=books&ie=UTF8&qid=1428394897&sr=1-1&keywords=9780241968215</a>
942 ## - ADDED ENTRY ELEMENTS (KOHA)
Source of classification or shelving scheme
Koha item type Book
Holdings
Withdrawn status Lost status Source of classification or shelving scheme Damaged status Not for loan Permanent Location Current Location Shelving location Date acquired Source of acquisition Cost, normal purchase price Total Checkouts Full call number Barcode Date last seen Date last checked out Cost, replacement price Price effective from Koha item type
          Pakistan Navy Engineering College (PNEC) Pakistan Navy Engineering College (PNEC)   03/24/2015 ZS Dictionary Shop / Library Grant 1841.00 2 940.421 TUC PNECLIB-032106 11/28/2016 11/28/2016 1841.00 03/24/2015 Book
© 2023 Central Library, National University of Sciences and Technology. All Rights Reserved.